000 02221nam a22001577a 4500
999 _c517999
_d517999
008 210809b ||||| |||| 00| 0 eng d
100 _aTegar, Jagannath P.
_928365
245 _aAcademic leadership paradigm in higher education in India: Competency profile perspectives
260 _aIndian Journal of Training and Development
300 _a50(1 &2), Jan, 2020: p.128-136
520 _aIn India, higher education institutions and universities are undergoing a phenomenal change driven by diverse array of stakeholders locally and internationally. It is crucial to have leaders that can think strategically and have realistic vision of future education. Traditionally, persons who hold leadership positions in higher education institutes and universities are teachers or Sr. professionals of academics. They are promoted/selected among those academicians who are not having clear understanding of their new and emerging roles at these institutions and universities of future education. These academic leaders need to be better equipped with their leadership roles as, unlike their counterpart in the corporate sector and administrative services. Higher Institution of learning should take a lesson from the corporate sector where they have shifted from 'selection of the ttest' to a 'development of the ttest' (McCall, 1998). To address this dire situation, a systematic leadership development program is imperative to ensure effective academic leadership in higher education institutions and research universities. Leadership for Academicians Programme (LEAP) of Govt. of India has been a good initiative especially for those aspiring academic leaders who wishes to create world-class academic & research institutes/universities which is a need of the day. This paper is focuses to evolve an academic leadership development competency prole at professional and personal level for excellence in the performance of higher education institution in India. –Reproduced
650 _aAcademic leadership, LEAP, Academicians, Competency profile , Higher education, Universities Leadership
_926581
773 _aIndian Journal of Training and Development
906 _aHIGHER EDUCATION
942 _cAR